00336nam a2200109Ia 4500008004100000245008900041260004900130260000900179300001000188500001200198650001600210170224s9999 xx 000 0 und d aReading people’s minds from emotion expressions in interdependent decision making. bJournal of Personality and Social Psychology c2014 a106:1 aJanuary xPsychology.